Представление документа в формате RUSMARC

ПолеНазваниеЗначение
  Тип записи a
  Библиографический уровень m
001 Контрольный номер RU/ГПНТБ России/KNIGADB/84(4Ита)/Ф 43-023510109
005 Дата корректировки 20201221125738.5
010 Индекс ISBN __
a ISBN 978-5-17-119339-3 (в пер.)
d Цена 432-30, 3000 экз.
100 Данные общей обработки __
a Данные общей обработки 19200723d2020 |||y0rusy0189 ca
101 Язык документа 1_
a Язык текста rus
c Язык оригинала ita
102 Страна публикации __
a Страна публикации RU
102 Страна публикации __
a Страна публикации RU
105 Кодированные данные (монография) __
a Кодированные данные (монография) #||||000zy
200 Заглавие и сведения об ответственности 1_
a Заглавие Дни одиночества
e Сведения, относящиеся к заглавию роман
f Первые сведения об ответственности Элена Ферранте ; перевод с итальянского Е. Арабаджи, И. Безруковой ; под редакцией Инны Безруковой
203 Вид содержания и тип средства __
a Вид содержания Текст
c Тип средства непосредственный
210 Выходные данные __
a Место издания Москва
c Издательство АСТ
c Издательство Corpus
d Дата издания 2020
215 Физическое описание __
a Объем 250, [1] с.
d Формат 21 см
225 Серия __
a Серия Corpus
v Обозначение тома 563
300 Общие примечания __
a Общие примечания Содержит нецензурную брань
300 Общие примечания __
a Общие примечания I Giorni Dell`abbandono
330 Аннотация __
a Аннотация "Дни одиночества" - это тонкая и психологически выверенная проза, итальянский роман о женщине, которую бросил муж, оставив ее с двумя детьми и собакой. Ольга, главная героиня, она же и рассказчица, проходит через тяжелейшее испытание, едва не скатывается от горя и унижения в безумие, но удерживается на краю пропасти и продолжает жить - и любить.
333 Примечание о целевом назначении __
a Примечание о целевом назначении 18+. Запрещено для детей
606 Тематические рубрики __
a Основная рубрика Художественная литература
606 Тематические рубрики __
a Основная рубрика Литература Европы (произведения)
y Географическая подрубрика Италия
610 Ключевые слова __
a Ключевые слова итальянская литература
610 Ключевые слова __
a Ключевые слова романы
610 Ключевые слова __
a Ключевые слова женская проза
610 Ключевые слова __
a Ключевые слова женские судьбы
610 Ключевые слова __
a Ключевые слова жизненные трудности
610 Ключевые слова __
a Ключевые слова психологическая проза
610 Ключевые слова __
a Ключевые слова тема женщины
610 Ключевые слова __
a Ключевые слова тема одиночества
610 Ключевые слова __
a Ключевые слова тема измены
610 Ключевые слова __
a Ключевые слова тема семьи
686 Индексы других классификаций __
2 Код системы rubbks
a Классификационный индекс 84(4Ита)6-4; ст84(4Ита)-4
700 Автор _1
a Фамилия Ферранте
b Имя Э.
f Даты 1943-
g Полное личное имя Элена
4 Код отношения 070
702 Вторичная интеллектуальная ответственность _1
a Фамилия Арабаджи
b Имя Е. А.
4 Код отношения Переводчик
g Полное личное имя Елена Анатольевна
4 Код отношения 730
702 Вторичная интеллектуальная ответственность _1
a Фамилия Безрукова
b Имя И. Г.
4 Код отношения Переводчик
f Даты 1957-
g Полное личное имя Инна Геннадьевна
4 Код отношения 730
4 Код отношения 340
801 Источник записи _0
a Страна RU
b Организация ГПНТБ России
c Дата составления 20200723
g Правила каталогизации PSBO
801 Источник записи _2
a Страна RU
b Организация Муниципальное бюджетное учреждение культуры "Централизованная библиотечная система" г. Сургут (Центральная городская библиотека им. А. С. Пушкина)
c Дата составления 20200723
852 Данные о местонахождении __
j Шифр хранения 84(4Ита)6-4
i Авторский знак Ф 43
901 Тип документа __
a Ответственный КиК/Мамарузиева
t Тип документа m
903 Характеристики (МАРС) __
a Дата передачи 20200723
911 __
u 336a=Текст
911 __
u 337a=непосредственный
990 Данные о заказе (DOS) __
j Количество экземпляров (DOS) 8
t N записи в КСУ для И/У (DOS) 202007